[Event "HUN-chT2 Erkel 1213"]
[Site "Hungary"]
[Date "2012.10.07"]
[Round "2.9"]
[White "Vajda, Albert I"]
[Black "Hajnal, Gyula"]
[Result "0-1"]
[WhiteElo "2147"]
[BlackElo "2028"]
[PlyCount "138"]
[EventDate "2012.09.16"]
[EventType "team-tourn"]
[EventRounds "11"]
[EventCountry "HUN"]
[SourceTitle "EXT 2014"]
[Source "ChessBase"]
[SourceDate "2013.11.20"]
[SourceVersion "1"]
[SourceVersionDate "2013.11.20"]
[SourceQuality "1"]
[WhiteTeam "Paszto"]
[BlackTeam "Mezokovesd"]
[WhiteTeamCountry "HUN"]
[BlackTeamCountry "HUN"]

1. e4 c5 2. c3 Nc6 3. d4 cxd4 4. cxd4 d5 5. exd5 Qxd5 6. Nf3 e6 7. Bd3 Nf6 8. 0-0 Be7 9. Nc3 Qd8 10. a3 0-0 11. Re1 a6 12. Bg5 Nd5 13. Bxe7 Ndxe7 14. Rc1 h6 15. Bb1 g6 16. Qd2 Kg7 17. Ne4 Nf5 18. Rcd1 Nce7 19. g4 Nd6 20. Ng3 Nd5 21. Qc2 Bd7 22. Ne5 Rc8 23. Qd2 Ba4 24. Rc1 Qf6 25. b3 Rxc1 26. Rxc1 Be8 27. Ne4 Nxe4 28. Bxe4 Qd8 29. Nd3 Nf6 30. Bxb7 Qxd4 31. Rc4 Qb6 32. Rb4 Qa5 33. Qb2 Bb5 34. Ne5 Qc7 35. Bf3 Kh7 36. Nc4 Qf4 37. Nd2 Qg5 38. Qd4 Rc8 39. Qf4 Rc2 40. Qxg5 hxg5 41. Nc4 Rc3 42. Ne3 Nd7 43. a4 Bd3 44. Rb7 Ne5 45. Kg2 Kg8 46. Kg3 f5 47. gxf5 gxf5 48. Rb8+ Kg7 49. Nd1 Rc1 50. Bh5 f4+ 51. Kg2 f3+ 52. Bxf3 Nxf3 53. Kxf3 Rxd1 54. Rb6 Kf6 55. Ke3 Bf1 56. f3 Rb1 57. b4 Kf5 58. Rb8 Bc4 59. Kf2 Rb3 60. b5 axb5 61. axb5 Bd5 62. Rf8+ Ke5 63. Kg3 Rb4 64. Rg8 Kf6 65. Rf8+ Kg7 66. Rb8 Rf4 67. b6 Rb4 68. Kf2 Rb3 69. Kg3 Bxf3 0-1

[Event "HUN-chT2 Erkel 1213"]
[Site "Hungary"]
[Date "2012.09.16"]
[Round "1.9"]
[White "Vajda, Albert I"]
[Black "Bognar, Bence"]
[Result "1-0"]
[WhiteElo "2147"]
[BlackElo "1972"]
[PlyCount "63"]
[EventDate "2012.09.16"]
[EventType "team-tourn"]
[EventRounds "11"]
[EventCountry "HUN"]
[SourceTitle "EXT 2014"]
[Source "ChessBase"]
[SourceDate "2013.11.20"]
[SourceVersion "1"]
[SourceVersionDate "2013.11.20"]
[SourceQuality "1"]
[WhiteTeam "Paszto"]
[BlackTeam "Nagykata"]
[WhiteTeamCountry "HUN"]
[BlackTeamCountry "HUN"]

1. e4 e5 2. Nf3 Nc6 3. Bb5 a6 4. Ba4 Nf6 5. d4 exd4 6. 0-0 h6 7. Re1 Bc5 8. e5 Nh7 9. c3 dxc3 10. Nxc3 0-0 11. Qd5 Be7 12. Bf4 Ng5 13. a3 Ne6 14. Be3 f6 15. exf6 Bxf6 16. Bc2 Ne7 17. Qe4 g6 18. Bxh6 Rf7 19. Rad1 Kh7 20. Bc1 Qg8 21. Nd5 Nf5 22. Nxf6+ Rxf6 23. Bb3 c6 24. Bxe6 dxe6 25. Qe5 Qg7 26. b4 Rf8 27. Qe2 Bd7 28. Bb2 Qe7 29. Rd3 Rae8 30. Ne5 Bc8 31. Rh3+ Kg8 32. Nxg6 1-0

[Event "HUN-chT2 Erkel 1112"]
[Site "Hungary"]
[Date "2012.04.22"]
[Round "9.6"]
[White "Szijarto, Csaba"]
[Black "Vajda, Albert I"]
[Result "1-0"]
[WhiteElo "2107"]
[BlackElo "2164"]
[PlyCount "85"]
[EventDate "2011.09.25"]
[EventType "team-tourn"]
[EventRounds "11"]
[EventCountry "HUN"]
[SourceTitle "EXT 2013"]
[Source "ChessBase"]
[SourceDate "2012.11.22"]
[SourceVersion "1"]
[SourceVersionDate "2012.11.22"]
[SourceQuality "1"]
[WhiteTeam "Ujszasz"]
[BlackTeam "Paszto"]
[WhiteTeamCountry "HUN"]
[BlackTeamCountry "HUN"]

1. e4 e5 2. Nf3 Nc6 3. d4 exd4 4. Bc4 Bc5 5. c3 Nf6 6. cxd4 Bb4+ 7. Nc3 Nxe4 8. 0-0 Bxc3 9. d5 Bf6 10. Re1 Ne7 11. Rxe4 0-0 12. g4 Ng6 13. g5 Be7 14. d6 Bxd6 15. h4 Re8 16. Rxe8+ Qxe8 17. h5 Ne5 18. Nxe5 Qxe5 19. Qf3 Qe7 20. g6 Be5 21. Qxf7+ Qxf7 22. Bxf7+ Kh8 23. Bf4 d6 24. Bxe5 dxe5 25. Re1 Bg4 26. Rxe5 Rc8 27. Kg2 c5 28. Kg3 Bd1 29. f3 b5 30. Kf4 a5 31. Ke3 a4 32. Re8+ Rxe8+ 33. Bxe8 b4 34. Bc6 c4 35. Kd2 b3 36. a3 Bc2 37. Be4 hxg6 38. hxg6 Kg8 39. Bxc2 bxc2 40. Kxc2 Kf8 41. Kc3 Ke7 42. Kxc4 Kf6 43. b4 1-0

[Event "HUN-chT2 Erkel 1112"]
[Site "Hungary"]
[Date "2012.03.25"]
[Round "8.6"]
[White "Imre, Jozsef"]
[Black "Vajda, Albert I"]
[Result "1/2-1/2"]
[WhiteElo "2105"]
[BlackElo "2164"]
[PlyCount "50"]
[EventDate "2011.09.25"]
[EventType "team-tourn"]
[EventRounds "11"]
[EventCountry "HUN"]
[SourceTitle "EXT 2013"]
[Source "ChessBase"]
[SourceDate "2012.11.22"]
[SourceVersion "1"]
[SourceVersionDate "2012.11.22"]
[SourceQuality "1"]
[WhiteTeam "Vizugy"]
[BlackTeam "Paszto"]
[WhiteTeamCountry "HUN"]
[BlackTeamCountry "HUN"]

1. e4 e5 2. Nf3 Nc6 3. d4 exd4 4. Bc4 Nf6 5. e5 d5 6. Bb5 Ne4 7. Nxd4 Bd7 8. Bxc6 bxc6 9. 0-0 Bc5 10. Be3 Bb6 11. f3 Ng5 12. Qd2 h6 13. c3 a5 14. Qf2 0-0 15. Nd2 f6 16. exf6 Qxf6 17. N4b3 Qg6 18. Kh1 Rae8 19. Nc5 Bc8 20. Bd4 Ne6 21. Nxe6 Rxe6 22. Nb3 Rfe8 23. Rfe1 a4 24. Nc5 Bxc5 25. Bxc5 Ba6 1/2-1/2

[Event "HUN-chT2 Erkel 1112"]
[Site "Hungary"]
[Date "2012.03.12"]
[Round "7.6"]
[White "Farkas, Lajos"]
[Black "Vajda, Albert I"]
[Result "1/2-1/2"]
[WhiteElo "2164"]
[BlackElo "2164"]
[PlyCount "23"]
[EventDate "2011.09.25"]
[EventType "team-tourn"]
[EventRounds "11"]
[EventCountry "HUN"]
[SourceTitle "EXT 2013"]
[Source "ChessBase"]
[SourceDate "2012.11.22"]
[SourceVersion "1"]
[SourceVersionDate "2012.11.22"]
[SourceQuality "1"]
[WhiteTeam "Sarkany"]
[BlackTeam "Paszto"]
[WhiteTeamCountry "HUN"]
[BlackTeamCountry "HUN"]

1. d4 Nf6 2. c4 c5 3. d5 b5 4. e3 Bb7 5. Nf3 g6 6. b3 Bg7 7. Bb2 0-0 8. Be2 e6 9. dxe6 fxe6 10. cxb5 a6 11. bxa6 Nxa6 12. 0-0 1/2-1/2

[Event "HUN-chT2 Erkel 1112"]
[Site "Hungary"]
[Date "2011.11.27"]
[Round "4.7"]
[White "Horvath, Jeno Kalman"]
[Black "Vajda, Albert I"]
[Result "1/2-1/2"]
[WhiteElo "2062"]
[BlackElo "2164"]
[PlyCount "45"]
[EventDate "2011.09.25"]
[EventType "team-tourn"]
[EventRounds "11"]
[EventCountry "HUN"]
[SourceTitle "EXT 2013"]
[Source "ChessBase"]
[SourceDate "2012.11.22"]
[SourceVersion "1"]
[SourceVersionDate "2012.11.22"]
[SourceQuality "1"]
[WhiteTeam "Foti"]
[BlackTeam "Paszto"]
[WhiteTeamCountry "HUN"]
[BlackTeamCountry "HUN"]

1. d4 Nf6 2. c4 c5 3. d5 b5 4. cxb5 a6 5. e3 g6 6. Nc3 Bg7 7. Nf3 d6 8. a4 0-0 9. Ra3 Bb7 10. Be2 axb5 11. Bxb5 e6 12. Bc4 exd5 13. Nxd5 Nxd5 14. Bxd5 Qa5+ 15. Bd2 Qa6 16. Bxb7 Qxb7 17. Bc3 Bxc3+ 18. bxc3 Qa6 19. Qe2 Nd7 20. Qxa6 Rxa6 21. 0-0 Nb6 22. Rfa1 Rfa8 23. a5 1/2-1/2

[Event "HUN-chT2 Erkel 1112"]
[Site "Hungary"]
[Date "2011.09.25"]
[Round "1.8"]
[White "Halasz, Csaba"]
[Black "Vajda, Albert I"]
[Result "0-1"]
[WhiteElo "2158"]
[BlackElo "2164"]
[PlyCount "59"]
[EventDate "2011.09.25"]
[EventType "team-tourn"]
[EventRounds "11"]
[EventCountry "HUN"]
[SourceTitle "EXT 2013"]
[Source "ChessBase"]
[SourceDate "2012.11.22"]
[SourceVersion "1"]
[SourceVersionDate "2012.11.22"]
[SourceQuality "1"]
[WhiteTeam "MAFC"]
[BlackTeam "Paszto"]
[WhiteTeamCountry "HUN"]
[BlackTeamCountry "HUN"]

1. e4 e5 2. Nf3 Nc6 3. d4 exd4 4. Bc4 Nf6 5. e5 d5 6. Bb5 Ne4 7. Nxd4 Bd7 8. Bxc6 bxc6 9. 0-0 Bc5 10. f3 Ng5 11. Be3 Bb6 12. f4 Ne4 13. Nd2 Nxd2 14. Qxd2 0-0 15. Nb3 Bf5 16. Rae1 Qd7 17. Qc3 Rfe8 18. Bc5 Rab8 19. a4 Qe7 20. Rf2 Bxc5 21. Nxc5 Rb6 22. e6 fxe6 23. Rfe2 Qd6 24. b4 Qxf4 25. Nxe6 Bxe6 26. Rxe6 Rf8 27. Re8 Qf2+ 28. Kh1 Rb8 29. Rxb8 Rxb8 30. h3 0-1

[Event "HUN-chT2 Erkel 1011"]
[Site "Hungary"]
[Date "2011.04.17"]
[Round "9.9"]
[White "Farkas, Richard"]
[Black "Vajda, Albert I"]
[Result "1/2-1/2"]
[WhiteElo "1960"]
[BlackElo "2172"]
[PlyCount "84"]
[EventDate "2010.09.12"]
[EventType "team-tourn"]
[EventRounds "11"]
[EventCountry "HUN"]
[SourceTitle "EXT 2012"]
[Source "ChessBase"]
[SourceDate "2011.11.24"]
[SourceVersion "1"]
[SourceVersionDate "2011.11.24"]
[SourceQuality "1"]
[WhiteTeam "Budapest MTK"]
[BlackTeam "Paszto"]
[WhiteTeamCountry "HUN"]
[BlackTeamCountry "HUN"]

1. e4 e5 2. Nf3 Nc6 3. Bb5 a6 4. Bxc6 dxc6 5. 0-0 f6 6. d4 exd4 7. Nxd4 c5 8. Nb3 Qxd1 9. Rxd1 Bg4 10. f3 Be6 11. Bf4 Rd8 12. Nc3 Bd6 13. Bxd6 cxd6 14. Rd2 Nh6 15. Rad1 Bxb3 16. axb3 Nf7 17. f4 0-0 18. Kf2 Rfe8 19. Kf3 Rc8 20. Nd5 Rc6 21. Ne3 Kf8 22. Nc4 Ke7 23. h4 Rd8 24. g4 h6 25. h5 b5 26. Ne3 a5 27. Nf5+ Kf8 28. Rd5 a4 29. e5 fxe5 30. fxe5 axb3 31. cxb3 c4 32. bxc4 bxc4 33. exd6 c3 34. bxc3 Rxc3+ 35. Kg2 Rc4 36. Kg3 Rc3+ 37. R1d3 Rc4 38. d7 Ng5 39. R5d4 Ne4+ 40. Kf4 Rxd4 41. Rxd4 Nf6 42. Nh4 Rxd7 1/2-1/2

[Event "HUN-chT2 Erkel 1011"]
[Site "Hungary"]
[Date "2011.04.10"]
[Round "8.8"]
[White "Sarvari, Robert"]
[Black "Vajda, Albert I"]
[Result "0-1"]
[WhiteElo "2080"]
[BlackElo "2172"]
[PlyCount "82"]
[EventDate "2010.09.12"]
[EventType "team-tourn"]
[EventRounds "11"]
[EventCountry "HUN"]
[SourceTitle "EXT 2012"]
[Source "ChessBase"]
[SourceDate "2011.11.24"]
[SourceVersion "1"]
[SourceVersionDate "2011.11.24"]
[SourceQuality "1"]
[WhiteTeam "Jaszbereny"]
[BlackTeam "Paszto"]
[WhiteTeamCountry "HUN"]
[BlackTeamCountry "HUN"]

1. d4 Nf6 2. Nf3 g6 3. Bf4 Bg7 4. e3 0-0 5. Nbd2 c5 6. c3 Nc6 7. Bd3 cxd4 8. exd4 d6 9. 0-0 Nh5 10. Bg3 Re8 11. Re1 Nxg3 12. hxg3 Bg4 13. Qc2 Rc8 14. a3 Nxd4 15. Nxd4 Bxd4 16. Qa4 Bxf2+ 17. Kxf2 Qb6+ 18. Kf1 Qxb2 19. Qc2 Qxc2 20. Bxc2 Rxc3 21. Be4 b6 22. Bf3 Bf5 23. g4 Bd3+ 24. Kf2 e6 25. Rec1 Rec8 26. Rxc3 Rxc3 27. Ra2 d5 28. g5 Kf8 29. Nf1 Bc4 30. Ra1 Rc2+ 31. Ke1 Bxf1 32. Kxf1 Ke7 33. Ke1 Kd6 34. Kd1 Rc5 35. Kd2 Ke5 36. Rh1 Kf4 37. Rxh7 Rc7 38. Kd3 Kxg5 39. Kd4 Kf6 40. Be2 Rc2 41. Kd3 Ra2 0-1

[Event "HUN-chT2 Erkel 1011"]
[Site "Hungary"]
[Date "2010.10.24"]
[Round "4.10"]
[White "Kovacs, Gabor2222"]
[Black "Vajda, Albert I"]
[Result "1-0"]
[WhiteElo "2042"]
[BlackElo "2172"]
[PlyCount "135"]
[EventDate "2010.09.12"]
[EventType "team-tourn"]
[EventRounds "11"]
[EventCountry "HUN"]
[SourceTitle "EXT 2012"]
[Source "ChessBase"]
[SourceDate "2011.11.24"]
[SourceVersion "1"]
[SourceVersionDate "2011.11.24"]
[SourceQuality "1"]
[WhiteTeam "Toth Laszlo"]
[BlackTeam "Paszto"]
[WhiteTeamCountry "HUN"]
[BlackTeamCountry "HUN"]

1. e4 e5 2. Nf3 Nc6 3. d4 exd4 4. Nxd4 Nf6 5. Nc3 Bb4 6. Nxc6 bxc6 7. Bd3 d5 8. exd5 cxd5 9. 0-0 0-0 10. Bg5 c6 11. Qf3 Qd6 12. h3 Re8 13. a3 Bxc3 14. bxc3 Ne4 15. Rfe1 Qg6 16. Bf4 Bf5 17. c4 Nf6 18. cxd5 Nxd5 19. Bb8 Raxb8 20. Bxf5 Qd6 21. Red1 Qc5 22. Be4 Ne7 23. Rd7 f5 24. Bd3 Red8 25. Rxd8+ Rxd8 26. Rb1 g6 27. Rb7 Rd5 28. Qf4 Re5 29. Qc4+ Qxc4 30. Bxc4+ Kf8 31. Rxa7 Re1+ 32. Kh2 f4 33. a4 Ra1 34. a5 Nd5 35. a6 Nb6 36. Bd3 c5 37. Bb5 Nd5 38. Rxh7 Ne7 39. c4 Ra2 40. f3 Ra1 41. h4 Nf5 42. a7 Ne7 43. h5 gxh5 44. Rh8+ Ng8 45. Bc6 Rxa7 46. Bd5 Rg7 47. Bxg8 Rxg8 48. Rxh5 Ke7 49. Rxc5 Ke6 50. Rh5 Kd6 51. Kh3 Rg3+ 52. Kh2 Rg8 53. Rd5+ Ke6 54. Rd4 Ke5 55. Re4+ Kf5 56. c5 Rc8 57. Rc4 Rc6 58. g4+ fxg3+ 59. Kxg3 Ke5 60. Kg4 Rg6+ 61. Kh5 Rg8 62. c6 Kf5 63. Rc5+ Kf4 64. c7 Rc8 65. Kg6 Kxf3 66. Kf5 Ke3 67. Ke6 Kd4 68. Rc1 1-0

[Event "Miercurea Ciuc Banc Post op 12th"]
[Site "Miercurea Ciuc"]
[Date "2009.08.11"]
[Round "3"]
[White "Ghinea, Constantin"]
[Black "Vajda, Albert I"]
[Result "0-1"]
[WhiteElo "1786"]
[BlackElo "2196"]
[PlyCount "50"]
[EventDate "2009.08.09"]
[EventType "swiss"]
[EventRounds "9"]
[EventCountry "ROU"]
[SourceTitle "CBM 131 Extra"]
[Source "ChessBase"]
[SourceDate "2009.09.03"]
[SourceVersion "2"]
[SourceVersionDate "2009.09.16"]
[SourceQuality "1"]

1. e4 c5 2. Nf3 d6 3. d4 cxd4 4. Nxd4 Nf6 5. Nc3 a6 6. Bg5 e6 7. f4 Be7 8. Qf3 Qc7 9. 0-0-0 Nbd7 10. Bd3 b5 11. Rhe1 Bb7 12. Qh3 Nc5 13. Bxf6 Bxf6 14. e5 dxe5 15. fxe5 Bxe5 16. Qh5 Bxd4 17. Bxb5+ axb5 18. Nxb5 Qf4+ 19. Kb1 g6 20. Qe2 Rd8 21. Rf1 Qe5 22. Qd2 Ne4 23. Qb4 Bc5 24. Rxd8+ Kxd8 25. Qa5+ Ke7 0-1

[Event "Miercurea Ciuc Banc Post op 12th"]
[Site "Miercurea Ciuc"]
[Date "2009.08.10"]
[Round "2"]
[White "Vajda, Albert I"]
[Black "Dobre, Florin Iulian"]
[Result "0-1"]
[WhiteElo "2196"]
[BlackElo "1969"]
[PlyCount "82"]
[EventDate "2009.08.09"]
[EventType "swiss"]
[EventRounds "9"]
[EventCountry "ROU"]
[SourceTitle "CBM 131 Extra"]
[Source "ChessBase"]
[SourceDate "2009.09.03"]
[SourceVersion "2"]
[SourceVersionDate "2009.09.16"]
[SourceQuality "1"]

1. e4 c5 2. c3 d5 3. exd5 Qxd5 4. d4 Nf6 5. Nf3 Nc6 6. dxc5 Qxd1+ 7. Kxd1 Bg4 8. Be2 0-0-0+ 9. Kc2 Bf5+ 10. Kb3 Ne4 11. Be3 e5 12. Ka3 Nxc5 13. b4 Ne4 14. Kb2 a6 15. a4 f6 16. Na3 Bd6 17. Nc4 Bc7 18. Nb6+ Bxb6 19. Bxb6 Rd6 20. Rhd1 Be6 21. Bd3 Nxb4 22. cxb4 Rxb6 23. b5 Nxf2 24. Rdc1+ Kb8 25. Bf1 a5 26. Rc2 Ng4 27. Re1 Rd8 28. h3 Nh6 29. g4 Rbd6 30. Re3 Rc8 31. Rxc8+ Kxc8 32. Bd3 Bg8 33. g5 Nf7 34. Bf5+ Kb8 35. Rc3 Rd8 36. gxf6 gxf6 37. Nh4 Nd6 38. Bc2 Be6 39. Ng2 Nc4+ 40. Kc1 Rg8 41. Be4 Nd6 0-1

[Event "Miercurea Ciuc Banc Post op 12th"]
[Site "Miercurea Ciuc"]
[Date "2009.08.09"]
[Round "1"]
[White "Szakats, Stefan"]
[Black "Vajda, Albert I"]
[Result "0-1"]
[WhiteElo "1854"]
[BlackElo "2196"]
[PlyCount "134"]
[EventDate "2009.08.09"]
[EventType "swiss"]
[EventRounds "9"]
[EventCountry "ROU"]
[SourceTitle "CBM 131 Extra"]
[Source "ChessBase"]
[SourceDate "2009.09.03"]
[SourceVersion "2"]
[SourceVersionDate "2009.09.16"]
[SourceQuality "1"]

1. e4 c5 2. Nf3 d6 3. d4 cxd4 4. Nxd4 Nf6 5. Nc3 a6 6. Bg5 e6 7. Be2 Nbd7 8. 0-0 Be7 9. Nb3 b5 10. a3 Bb7 11. f3 Rc8 12. Qe1 Qc7 13. Kh1 0-0 14. Rc1 Rfe8 15. Nd1 d5 16. exd5 Ng4 17. fxg4 Bxg5 18. Qf2 Nf6 19. Ra1 Ne4 20. Qe1 Bxd5 21. Nd4 Qe7 22. Bd3 Nd2 23. Rf2 Nc4 24. Nf3 Bf4 25. b3 Nd6 26. Nc3 Qf6 27. Nxd5 exd5 28. Qd1 Qh6 29. a4 Ne4 30. Rf1 Ng3+ 31. Kg1 Nxf1 32. Qxf1 Re3 33. g3 Qf6 34. axb5 Rxf3 35. Qxf3 Qxa1+ 36. Kg2 axb5 37. Qxf4 Qc3 38. Qf5 g6 39. Qxd5 Rc5 40. Qf3 Qd2+ 41. Qf2 Qg5 42. Qf4 Qe7 43. h4 Re5 44. g5 Kg7 45. Qd4 h6 46. gxh6+ Kxh6 47. Qf4+ Kg7 48. Qd4 Qf6 49. Qf2 Qc6+ 50. Qf3 Qd6 51. Qf4 Qc5 52. Qf2 Re3 53. Bxb5 Qd5+ 54. Kh2 Rf3 55. Qg2 Qf5 56. Kg1 Qc5+ 57. Kh1 Qe3 58. Qe2 Qc1+ 59. Kg2 Re3 60. Qc4 Qd2+ 61. Kh3 Qe1 62. Qd4+ Kh7 63. Qd6 Qh1+ 64. Kg4 Qf3+ 65. Kh3 Re1 66. Qd2 Rh1+ 67. Qh2 Qf5+ 0-1

[Event "Zalakaros op 23rd"]
[Site "Zalakaros"]
[Date "2004.05.21"]
[Round "8"]
[White "Remete, Zsuzsa"]
[Black "Vajda, Albert I"]
[Result "1/2-1/2"]
[WhiteElo "2073"]
[BlackElo "2182"]
[PlyCount "88"]
[EventDate "2004.05.14"]
[EventType "swiss"]
[EventRounds "9"]
[EventCountry "HUN"]
[SourceTitle "EXT 2008"]
[Source "ChessBase"]
[SourceDate "2007.11.25"]
[SourceVersion "1"]
[SourceVersionDate "2007.11.25"]
[SourceQuality "1"]

1. e4 c5 2. Nf3 d6 3. d4 cxd4 4. Nxd4 Nf6 5. Nc3 a6 6. f4 e5 7. Nf3 Nbd7 8. Bd3 b5 9. 0-0 Bb7 10. a3 Qc7 11. Qe1 Be7 12. Kh1 Nc5 13. fxe5 dxe5 14. Qg3 0-0 15. Bh6 Ne6 16. Nh4 Kh8 17. Be3 g6 18. Qh3 Nh5 19. Bh6 Nef4 20. Qf3 Bxh4 21. Bxf8 Rxf8 22. g3 Nxd3 23. cxd3 Bd8 24. Rac1 Qd7 25. Ne2 Nf6 26. Rc5 Ng4 27. h3 Bb6 28. Rc3 Ne3 29. g4 f5 30. Rfc1 Qe7 31. gxf5 Nxf5 32. Qg4 Qh4 33. Kh2 Qxg4 34. hxg4 Nh6 35. g5 Nf7 36. Rf1 Kg7 37. Rf6 Bd8 38. Re6 Nxg5 39. Rd6 Bf6 40. Rc7+ Rf7 41. Rdd7 Ba8 42. Rxf7+ Nxf7 43. Rc8 Bb7 44. Rc7 Ba8 1/2-1/2